Στρουκτουραλισμός

Αποθηκεύτηκε σε:
Λεπτομέρειες βιβλιογραφικής εγγραφής
Κύριος συγγραφέας: Piaget, Jean, 1896-1980
Μορφή: Βιβλίο
Γλώσσα:Greek
French
Δημοσίευση: Αθήνα : Καστανιώτης, 1972.
Σειρά:Συλλογή "Θεαίτητος". Μεθοδολογία ; Σειρά Β'
Θέματα:
Ετικέτες: Προσθήκη ετικέτας
Δεν υπάρχουν, Καταχωρήστε ετικέτα πρώτοι!

MARC

LEADER 00000cam a2200000 i 4500
001 1/6999
008 100428s1972 gr | ||| |||| ||gre||
035 |l 10107708 
040 |a GR-MyUA  |b gre  |e AACR2 
041 1 |a gre  |h fre 
082 7 |a 149.9   |2 (22) 
100 1 |a Piaget, Jean,   |d 1896-1980. 
245 1 0 |a Στρουκτουραλισμός /   |c Jean Piaget ; μετάφραση Θ. Παραδελλης.  
260 |a Αθήνα :   |b Καστανιώτης,   |c 1972.  
300 |a 143 σ. ;   |c 21 εκ.  
490 1 |a (Συλλογή "Θεαίτητος". Μεθοδολογία ;   |v Σειρά Β')  
504 |a Βιβλιογραφία: σ. 143.  
650 0 |a Structuralism. 
765 0 8 |i Μετάφραση του:   |t Le structuralisme /  
830 0 |a Συλλογή "Θεαίτητος". Μεθοδολογία ;  |v Σειρά Β' 
852 |a INST  |b SAMOS  |c MAG  |e 20100428  |h 149.9 PIA  |p 005300031935  |q 005300031935  |t BK  |y 0 
901 |a BIBL3-2010-1 
970 |a ΣΙΤΖΙΜΗ  |b ΓΙΑΣΕΜΗ  |z 2010/04/28